000 00671nam a2200181Ia 4500
008 151202s9999||||xx |||||||||||||| ||und||
082 _bPNVM-83536
100 _aऔरंगाबादकर अनुराधा.
245 _aसदा बहार देवआनंद.
260 _b"प्रतिक प्रकाशन, पुणे."
260 _c2007
300 _a377
600 _aऔरंगाबादकर अनुराधा.
630 _aसदा बहार देवआनंद.
700 _aऔरंगाबादकर अनुराधा.
730 _aसदा बहार देवआनंद.
942 _cBOOK
999 _c1348362
_d1348359